LEADER 01124nam--2200397---450- 001 990001434090203316 005 20040218130053.0 035 $a000143409 035 $aUSA01000143409 035 $a(ALEPH)000143409USA01 035 $a000143409 100 $a20040218d1985----km-y0itay0103----ba 101 0 $aita 102 $aIT 105 $aa|||||||001yy 200 1 $a<> forma e decisione$estudi critici$fEmanuele Castrucci 210 $aMilano$cGiuffrè$d1985 215 $a209 p.$cill.$d20 cm 225 2 $aValori politici$v3 410 0$12001$aValori Politici$v3 454 1$12001 461 1$1001-------$12001 606 0 $aForma$xStudi 606 0 $aFilosofia della politica$xStudi 676 $a117 700 1$aCASTRUCCI,$bEmanuele$0148285 801 0$aIT$bsalbc$gISBD 912 $a990001434090203316 951 $aXV B coll.7/3$b18588 L.M.$cXV B coll. 959 $aBK 969 $aUMA 979 $aSIAV3$b10$c20040218$lUSA01$h1300 979 $aPATRY$b90$c20040406$lUSA01$h1741 979 $aCHIARA$b90$c20100311$lUSA01$h1130 996 $aForma e decisione$9931158 997 $aUNISA LEADER 06679 am 2200949 n 450 001 9910495706703321 005 20240104030508.0 010 $a2-7574-2106-9 024 7 $a10.4000/books.septentrion.24156 035 $a(CKB)4100000006675338 035 $a(FrMaCLE)OB-septentrion-24156 035 $a(PPN)230684254 035 $a(EXLCZ)994100000006675338 100 $a20180928j|||||||| ||| 0 101 0 $afre 135 $auu||||||m|||| 200 00$aStéréoscopie et illusion$eArchéologie et pratiques contemporaines : photographie, cinéma, arts numériques$fMiguel Almiron, Esther Jacopin, Giusy Pisano 210 $aVilleneuve d'Ascq$cPresses universitaires du Septentrion$d2018 215 $a1 online resource (358 p.) 311 $a2-7574-2070-4 327 $aPartie I, Ste?re?oscopie et perception. Explorer la ste?re?oscopie intermittente : son influence sur la perception et la fatigue visuelle / Ari Bouaniche et Laure Leroy -- La ste?re?oscopie comme me?canisme, l'illusion comme prise de de?cision : les effets des contextes visuel et se?mantique sur la prise de de?cision visuelle / Zakia Ikhlef, Charles Tijus et Geoffrey Tissier -- L'illusion "3D" a? l'e?preuve du langage cine?matographique / Claude Bailble? -- Recherche sur les effets ste?re?oscopiques : de la the?orie a? la pratique dans le film "Surveillance" (2016) / Esther Jacopin et Guillaume Me?ral -- Partie II, Ste?re?oscopie et photographie. L'image qu'on e?pie : pour une psychanalyse de la ste?re?oscopie / Margarida Medeiros -- Ste?re?o-Alpinistes : les vues ste?re?oscopiques du Massif des Alpes et la possibilite? d'une esthe?tique base?e sur la technique / Teresa Mendes Flores -- Le re?ve ste?re?oscopique de Sir David Brewster : spectres, images spectrales, spectateurs / Rae Beth Gordon -- Faire "plus beau que nature" : la construction culturelle des illusions ste?re?oscopiques en photographie / Kim Timby -- Partie III, Ste?re?oscopie et cine?ma. L'e?conomie du cine?ma 3-D : strate?gies de production, publics, marche?s / Kira Kitsopanidou -- Cine?ma ste?re?oscopique : esthe?tique de l'immersion et sentiment de pre?sence / Rene?e Bourassa -- Un cine?ma qui touche : vers un cine?ma relief d'auteur, de l'action au sensible / Franc?ois Garnier -- Effets-3-D : renouvellement des formes? / Martin Barnier -- Les effets spe?ciaux bouscule?s par le relief? Re?jane Hamus-Valle?e -- L'illusion partielle de la 3D : distorsions spatiales, ste?re?oscopie et "Au c?ur de l'oce?an" / Nick Jones -- Rencontre avec Jean-Pierre Jeunet et Demetri Portelli / transcription Esther Jacopin -- Rencontre avec des ste?re?ographes / Franc?ois Garnier, Jean-Marie Boulet, Yves Pupulin et Fabien Remblier -- L'art et le business de la 3D / Demetri Portelli -- Partie IV, Ste?re?oscopie et arts nume?riques. Interaction gestuelle improvise?e avec un acteur virtuel dans un the?a?tre d'ombres bidimensionnelles ou au sein d'un univers virtuel en relief : l'illusion d'un dialogue? / Marie-He?le?ne Tramus [and eight others] -- Entre pre?sence et illusion : cre?er avec la re?alite? virtuelle / Judith Guez -- "Empty Room" : expe?rimenter la sensation d'espace en e?coute binaurale et vision ste?re?oscopique en immersion nume?rique 3D / Christine Webster. 330 $aÀ travers l'analyse des premières photographies stéréoscopiques du xixe siècle, des films en 3Ds en passant par les applications en réalité virtuelle, cet ouvrage réunit les contributions d?artistes, de stéréographes, de cinéastes et de chercheurs qui dressent un état des lieux sur les connaissances scientifiques et les expérimentations artistiques depuis le xxe siècle ainsi que leurs applications dans les pratiques contemporaines. Les concepts d?illusion partielle, d?auto-illusion, d?indiscernabilité entre impression de réalité et de spectralité sont mis en relation avec l?esthétique stéréoscopique de films en 3Ds ou d?installations de Réalité Virtuelle. Cette réflexion collective constitue l?une des étapes du programme de recherche « Les Arts trompeurs. Machines. Magie. Médias. ». The stereoscopic illusion is, most of the time, associated with digital images. Such approach occludes its history: indeed, the stereoscopic illusion is the result of a century of research, that aim at wondering people by manipulating their senses thanks to the impression of ?relief? stereoscopic images give them. 606 $aArt 606 $astéréoscopie 606 $a3D 606 $arelief 606 $aphotographie 606 $acinéma 606 $aart numérique 606 $aillusion 606 $avision panoramique 606 $aréalité virtuelle 615 4$aArt 615 4$astéréoscopie 615 4$a3D 615 4$arelief 615 4$aphotographie 615 4$acinéma 615 4$aart numérique 615 4$aillusion 615 4$avision panoramique 615 4$aréalité virtuelle 700 $aAlmiron$b Miguel$01303197 701 $aBailblé$b Claude$01457989 701 $aBarnier$b Martin$01233096 701 $aBatras$b Dimitrios$01457990 701 $aBlondel$b Marion$01275905 701 $aBouaniche$b Ari$01457991 701 $aBoulet$b Jean-Marie$01457992 701 $aBourassa$b Renée$01289730 701 $aBoutet$b Dominique$0151896 701 $aCatteau$b Fanny$01457993 701 $aChen$b Chu-Yin$01302450 701 $aFlores$b Teresa Mendes$01457994 701 $aGarnier$b François$0401487 701 $aGordon$b Rae Beth$01322705 701 $aGuez$b Judith$01457995 701 $aHamus-Vallée$b Réjane$01242446 701 $aIkhlef$b Zakia$01457996 701 $aJacopin$b Esther$01453720 701 $aJego$b Jean-François$01457997 701 $aJones$b Nick$01457998 701 $aKitsopanidou$b Kira$01457999 701 $aLeroy$b Laure$01343750 701 $aMedeiros$b Margarida$01458000 701 $aMéral$b Guillaume$01458001 701 $aPisano$b Giusy$01284946 701 $aPortelli$b Demetri$01458002 701 $aPupulin$b Yves$01150859 701 $aRemblier$b Fabien$01458003 701 $aTijus$b Charles$01458004 701 $aTimby$b Kim$01147133 701 $aTissier$b Geoffrey$01458005 701 $aTramus$b Marie-Hélène$01458006 701 $aVincent$b Coralie$01458007 701 $aWebster$b Christine$01458008 701 $aAlmiron$b Miguel$01303197 801 0$bFR-FrMaCLE 906 $aBOOK 912 $a9910495706703321 996 $aStéréoscopie et illusion$93658153 997 $aUNINA LEADER 04263nam 2200601Ia 450 001 9910786030203321 005 20230801230114.0 010 $a1-283-92042-5 010 $a1-61499-147-2 035 $a(CKB)2670000000326847 035 $a(EBL)1109533 035 $a(OCoLC)826853883 035 $a(SSID)ssj0000913982 035 $a(PQKBManifestationID)11470952 035 $a(PQKBTitleCode)TC0000913982 035 $a(PQKBWorkID)10861853 035 $a(PQKB)11151570 035 $a(MiAaPQ)EBC1109533 035 $a(Au-PeEL)EBL1109533 035 $a(CaPaEBR)ebr10641764 035 $a(CaONFJC)MIL423292 035 $a(EXLCZ)992670000000326847 100 $a20130117d2012 uy 0 101 0 $aeng 135 $aurcn||||||||| 181 $ctxt 182 $cc 183 $acr 200 10$aDevelopment of containerization$b[electronic resource] $esuccess through vision, drive and technology /$fHans van Ham, Joan Rijsenbrij 210 $aAmsterdam $cIOS Press$d2012 215 $a1 online resource (336 p.) 300 $aDescription based upon print version of record. 311 $a1-61499-146-4 320 $aIncludes bibliographical references. 327 $aTitle Page; Preface; Acknowledgment; Table of Contents; Chapter 1. Containerization; Chapter 2. Prologue (until 1956); Small unit loads; Large units; Chapter 3. Take off of a concept (1956-1966); Pan-Atlantic's Sea-Land service; Trailer-ships; Cellular container ships; Expansion; Vietnam War; Matson Navigation; Other initiatives; Alaska Steamship Company; Grace Line Inc.; White Pass & Yukon Route; Other shipping lines; US railroads; Australia; Ireland; United Kingdom; Chapter 4. Standardization; Chapter 5. Covering the globe (1966-1976); Trades; US East Coast - Europe; US West Coast - Europe 327 $aCanada - Europe US West Coast - Far East; Europe to Australia; Australia - Japan/Far East; Australia - North America; Europe - Far East; Europe - Caribbean; Europe - South Africa; The effect of containerization on the ports; Chapter 6. The Sea-Land SL-7 program; Vessels; Terminals; Cranes; Chapter 7. Extending the system (1976-1986); Developments per trade route; Technical modifications; Hinterland transport; Chapter 8. The straddle carrier; Chapter 9. Focus on the transport chain (1986-1996); Ship development; Developments in liner trading; Transport chain; Chapter 10. Container quay cranes 327 $aEarly container cranes for decades of use Increasing crane dimensions: A vessel's dictate!; Big is beautiful; small can be smart; Developments supporting crane productivity; Key issues in quay crane design; Outlook; Chapter 11. Doubled volumes, fluctuating profits (1996-2006); Mergers and acquisitions; Ship development; Economic performance; Chapter 12. Container terminal development; 1956-1966: Early terminal designs; US pioneers showed the way; 1966-1976: A turbulent period for terminal developments; US and Canada; Far East; Europe 327 $a1976-1986: A globalized network and signals towards automation 1986-1996: Terminal expansions and first steps into automation; 1996-2006: Increasing vessel sizes and continuing volume growth; Chapter 13. Automation; Development of building blocks for terminal automation; Automated terminal handling concept; The first automated terminal, installed by ECT; Automation continues; slower than expected; Introduction of new conceptual designs, but .....no applications; ICT: a critical success factor; Projects in progress; Chapter 14. Time for a break (2006-present); Ship development 327 $aContainer liner shipping business Chapter 15. Outlook on the future; Volume development; Shipping and vessel developments; Ports and terminal facilities; Inland transportation; Information and communication technology; Concluding remarks; References; Curricula Vitae 606 $aContainerization 606 $aShipping 615 0$aContainerization. 615 0$aShipping. 676 $a300 700 $aHam$b J. C. van$01515200 701 $aRijsenbrij$b Joan$01515201 801 0$bMiAaPQ 801 1$bMiAaPQ 801 2$bMiAaPQ 906 $aBOOK 912 $a9910786030203321 996 $aDevelopment of containerization$93750830 997 $aUNINA